| 000 | 00837 a2200217 4500 | ||
|---|---|---|---|
| 001 | 63401 | ||
| 005 | 20260407155931.0 | ||
| 008 | 260407a1963 arg spa d | ||
| 003 | AR-UNSa-BCEJYS | ||
| 040 |
_aAR-UNSa-BCEJYS _bspa _cAR-UNSa-BCEJYS |
||
| 080 |
_a517.9 _xEcuaciones diferenciales. Ecuaciones integrales. Otras ecuaciones funcionales. Diferencias finitas. Cálculo de variaciones. Análisis funcional |
||
| 245 | 1 | 0 | _aDerivadas parciales |
| 264 | 1 |
_aMadrid : _bDossat _c1963 |
|
| 300 |
_a110 p. _c22 cm. |
||
| 505 | _a1. Derivadas parciales – 2. Cambio de variables en derivadas parciales – 3. El teorema de Taylor y aplicaciones geométricas – 4. Máximos y mínimos – | ||
| 041 | _aspa | ||
| 942 | _cBK | ||
| 590 | _aniveau_biblio:m niveau_hierar:0 | ||
| 100 | 1 | _aGillespie, R.P. | |
| 700 | 1 | _aLópez Gali, E. | |
| 999 |
_c8162 _d8162 |
||